Statistiques concernant Culture Générale - Série 1545

Cliquez ici pour prendre le quiz!

Statistiques générales

  • Ce quiz a été pris 61 fois
  • Le résultat moyen est 4 sur 10

Statistiques - réponses

QuestionRéponse% Correct
Combien de pays possèdent une frontière commune avec l'Autriche ?8
88%
De quel pays Karolos Papoulias est-il élu le président de la République en 2005 ?Grèce
85%
Quel prénom ont en commun : Machiavel, Copernic et AppertNicolas
75%
Quel coureur de fond, surnommé "la Locomotive tchèque", a établi dix-huit records du monde ?Emil Zátopek
37%
À quel sculpteur doit-on le “Lion” de Belfort ?Auguste Bartholdi
36%
Quel sommet des Andes, en Argentine, fut atteint pour la première fois par Zurbriggen en 1897 ?Aconcagua
25%
Quelle est la capitale de l'État du Vermont, aux États-Unis ?Montpelier
20%
Dans "Les Trois Mousquetaires", d'Alexandre Dumas, qui est le laquais de d'Artagnan ?Planchet
15%
Quel quotidien allemand est créé en 1952 par le groupe Springer ?Bild Zeitung
5%
Comment appelle-t-on l'appareil servant à mesurer la quantité d'eau absorbée par une plante ?potomètre
0%

Distribution des résultats

Percentile par nombre de réponses

% des personnes avec chaque résultat

Votre développement - résultats

Vous n’avez pas pris ce quiz